000 00398nam a2200121Ia 4500
008 090124s9999 xx 000 0 und d
082 _b12188
_a284
245 _a महाराष्ट्र रुप-दर्शन
250 _a1
630 _a महाराष्ट्र रुप-दर्शन
730 _a महाराष्ट्र रुप-दर्शन
942 _cBOOK
999 _c126127
_d126127